Statistics for The Story Of Us (TV) - Taylor Swift (All Lyrics)

Click here to take the quiz!

General Stats

  • This quiz has been taken 27 times
  • The average score is 412 of 451

Answer Stats

Lyrics% Correct
a
100%
an
100%
And
100%
and
100%
I
100%
I'm
100%
it
100%
look
100%
now
100%
Now
100%
now,
100%
Of
100%
of
100%
story
100%
the
100%
The
100%
us
100%
When
100%
when
100%
you
100%
you,
100%
all
95%
be
95%
don't
95%
end
95%
in
95%
know
95%
know,
95%
like
95%
Like
95%
looks
95%
lot
95%
me
95%
me?
95%
not
95%
room
95%
say
95%
say,
95%
So
95%
speakin'
95%
standin'
95%
to
95%
tragedy
95%
we
95%
we're
95%
were
95%
what
95%
your
95%
you're
95%
alone
90%
crowded
90%
down
90%
dyin'
90%
How
90%
how
90%
is
90%
it's
90%
killin'
90%
knew
90%
Next
90%
next
90%
Oh,
90%
soon
90%
broke
86%
But
86%
but
86%
chapter
86%
empty
86%
ending
86%
even
86%
fate
86%
flew
86%
for
86%
instantly
86%
I've
86%
lately
86%
lucky
86%
met
86%
might
86%
my
86%
on
86%
one
86%
ones"
86%
page
86%
people
86%
place
86%
searchin'
86%
seat
86%
sparks
86%
spot
86%
tell
86%
that
86%
they
86%
"They're
86%
think
86%
This
86%
this
86%
twist
86%
was
86%
who
86%
would
86%
Yeah
86%
are
81%
better
81%
break
81%
can
81%
can't
81%
care
81%
'Cause
81%
day
81%
hands
81%
heard
81%
If
81%
less
81%
liked
81%
loud
81%
love
81%
many
81%
never
81%
quite
81%
saw
81%
See
81%
see
81%
side
81%
silence
81%
since
81%
things
81%
up
81%
up,
81%
used
81%
way?
81%
we'd
81%
Why
81%
wish
81%
act
76%
armor
76%
at
76%
battle's
76%
fight
76%
here
76%
How'd
76%
I'll
76%
lay
76%
looking
76%
rather
76%
simple
76%
starting
76%
than
76%
through
76%
walls
76%
you'd
76%
best
71%
busy
71%
clothes
71%
complication
71%
doin'
71%
fallout
71%
held
71%
lead
71%
mind
71%
nervously
71%
nothin'?
71%
pretending
71%
pride
71%
pulling
71%
said
71%
should've
71%
tryin'
71%
avoid
67%
contest
67%
goin'
67%
I'd
67%
losin'
67%
Miscommunications
67%
scared
67%
miss
62%

Score Distribution

Percentile by Number Answered

Percent of People with Each Score

Your Score History

You have not taken this quiz